00701nam a2200205 i 450000100060000000300090000600500170001500700030003200800410003510000450007624500780012125000120019926000350021130000210024649000310026783000370029885200220033599900170035795201210037497310ES-MaACL20260525062930.0t|050708s1956 sp ||||1| spa d1 aMarañón, Gregorio,d1887-196097631110aVocación y ética y otros ensayos /cGregorio Marañón y Posadillo. a3ª ed. aMadrid :bEspasa-Calpe,c1956. a160 p. ;c18 cm.1 aColección austral ;v6611 aColección australv66191776554 aES-MaACLjC-11648 c97310d97310 00104070aATENEOMbATENEOMcSPALd2008-01-17eSCl0oC-11648p1101587r2023-02-23 00:00:00w2023-02-23yMONOGRAFIA